00355nam a22001337a 450000500170000000800410001704100130005808200150007110000330008624500420011926000090016130000250017065000260019520231109085735.0231109b |||||||| |||| 00| 0 eng d aEnglish  a346.2 LAW  avan Rensburg, ADJ lEnglish  aLaw of Contract / cADJ van Rensburg  c1994 b64 pages ; c30 cm.  aLegal practice bLaw